000
00329nam a2200133Ia 4500
008
210312s9999||||xx |||||||||||||| ||und||
041
_a
osm
050
_a
LF5321
050
_b
I88.D37
245
0
_a
Darüşşafaka
245
0
_b
Türkiyede ilk halk mektebi okulu
260
_c
1927
650
_a
Eğitim--Türkiye--Tarih--1880-1900
999
_c
22293
_d
22293